[Event "GER-ch U12"]
[Site "Willingen"]
[Date "2021.08.27"]
[Round "7"]
[White "Shkundin, Maximilian"]
[Black "Burkart, Lloyd Shang"]
[Result "0-1"]
[WhiteElo "1263"]
[BlackElo "1569"]
[PlyCount "56"]
[EventDate "2021.08.22"]
[EventType "swiss"]
[EventRounds "9"]
[EventCountry "GER"]
[SourceTitle "EXT 2022"]
[Source "ChessBase"]
[SourceDate "2021.10.06"]
[SourceVersion "1"]
[SourceVersionDate "2021.10.06"]
[SourceQuality "1"]

1. e4 c5 2. Nf3 e6 3. d4 cxd4 4. Nxd4 Nf6 5. Bd3 a6 6. Nc3 d6 7. 0-0 b5 8. a3 Nbd7 9. Be3 Bb7 10. Nb3 Rc8 11. f3 Be7 12. Qe1 0-0 13. Qf2 Qc7 14. Rfd1 Rfe8 15. Rac1 d5 16. exd5 Nxd5 17. Nxd5 Bxd5 18. Nd2 Ne5 19. Be4 Bxe4 20. Nxe4 Nc4 21. Bd4 e5 22. Bc3 f5 23. Qg3 fxe4 24. f4 Bc5+ 25. Kh1 Be3 26. Bxe5 Rxe5 27. fxe5 Bxc1 28. Rxc1 Qxe5 0-1

[Event "Bad Soden U10 op"]
[Site "Bad Soden"]
[Date "2019.10.04"]
[Round "2"]
[White "Mueller, Riyanna"]
[Black "Shkundin, Maximilian"]
[Result "1/2-1/2"]
[WhiteElo "924"]
[BlackElo "1263"]
[PlyCount "102"]
[EventDate "2019.10.03"]
[EventType "swiss"]
[EventRounds "9"]
[EventCountry "GER"]
[SourceTitle "CBM 192 Extra"]
[Source "Chessbase"]
[SourceDate "2019.11.06"]
[SourceVersion "1"]
[SourceVersionDate "2019.11.06"]
[SourceQuality "1"]

1. e4 c5 2. c3 d6 3. d4 cxd4 4. cxd4 Nf6 5. Nc3 g6 6. Nf3 Bg7 7. Bg5 0-0 8. Bc4 Re8 9. Qd2 Qc7 10. Bb3 Bg4 11. Qf4 Be6 12. Bxe6 fxe6 13. 0-0 Nbd7 14. Qh4 e5 15. d5 a5 16. Rac1 Qb6 17. b3 Nc5 18. Rfd1 Qb4 19. Qh3 Ncxe4 20. Nxe4 Nxe4 21. Qe6+ Kf8 22. Rc4 Nc5 23. Rxb4 Nxe6 24. Rxb7 Nxg5 25. Nxg5 Bh6 26. Ne6+ Kf7 27. Nc7 Rab8 28. Ra7 Rec8 29. Ne6 Ra8 30. Rxa8 Rxa8 31. Rd3 Rc8 32. Rf3+ Ke8 33. h4 Rc2 34. a4 Bf4 35. Nxf4 exf4 36. Rxf4 Rb2 37. Rf3 Rd2 38. b4 axb4 39. Rb3 Rxd5 40. Rxb4 Ra5 41. Kf1 Kd7 42. Ke2 Kc6 43. g3 Ra7 44. Rc4+ Kd5 45. Kd3 e5 46. f4 Ke6 47. fxe5 dxe5 48. Ke4 Ra6 49. g4 h6 50. Ke3 Kd5 51. Kd3 Ke6 1/2-1/2

[Event "Bad Soden U10 op"]
[Site "Bad Soden"]
[Date "2019.10.03"]
[Round "1"]
[White "Shkundin, Maximilian"]
[Black "Bishop, Daniel James"]
[Result "1-0"]
[WhiteElo "1263"]
[BlackElo "776"]
[PlyCount "51"]
[EventDate "2019.10.03"]
[EventType "swiss"]
[EventRounds "9"]
[EventCountry "GER"]
[SourceTitle "CBM 192 Extra"]
[Source "Chessbase"]
[SourceDate "2019.11.06"]
[SourceVersion "1"]
[SourceVersionDate "2019.11.06"]
[SourceQuality "1"]

1. e4 e5 2. Nf3 d6 3. d4 Nf6 4. Nc3 d5 5. dxe5 dxe4 6. Qxd8+ Kxd8 7. Ng5 h6 8. Nxf7+ Ke7 9. Nxh8 Ng4 10. h3 Nxe5 11. Bf4 g6 12. Bxe5 Nc6 13. Nxg6+ Kf7 14. Nxf8 Nxe5 15. Nxe4 b6 16. 0-0-0 Kxf8 17. f4 Bb7 18. fxe5 Bxe4 19. Rg1 Re8 20. Bc4 Rxe5 21. Rgf1+ Ke7 22. Rf7+ Ke8 23. Rxc7 Bxg2 24. Bb5+ Kf8 25. Rd8+ Re8 26. Rxe8# 1-0